| 000 | 00512nam a22001937a 4500 | ||
|---|---|---|---|
| 003 | OSt | ||
| 005 | 20240723123838.0 | ||
| 008 | 240723b |||||||| |||| 00| 0 eng d | ||
| 020 | _a9780340844939 | ||
| 040 |
_aMUST _cMUST |
||
| 082 | _a301 YEO 2007 | ||
| 100 |
_aYeo Alan _918964 |
||
| 245 |
_aSociology and Social Policy for the early years. _cAlan Yeo |
||
| 300 |
_a240p. _bill. _c25cm. |
||
| 504 | _abibliographies and indexes. | ||
| 650 | _2policy | ||
| 700 |
_aTina Lovell. _918965 |
||
| 942 |
_2ddc _cO_SHELF |
||
| 999 |
_c9276 _d9276 |
||